000 01030nam a2200277 a 4500
001 000028481
003 DO-SdBNP
005 20210608221756.0
008 110408s2010 dr ac 000 0 spa d
040 _aDO-SdBNP
_bspa
_cBNPHU
082 _a306.461
_bE77c
100 1 _aEspino Torres, Francisco,
_d1954-
_955429
245 1 0 _aCiencia hipocrática :
_bla otra cara del médico /
_cFrancisco Espino Torres.
260 _aSanto Domingo :
_bArgos,
_c2010.
300 _a375 p. :
_bil., retrs. ;
_c23 cm.
500 _aIncluye datos biográficos del autor en la solapa
500 _aIncluye índice temático.
504 _aIncluye referencias bibliográficas y notas al pie de páginas.
590 _aInventariado,2018/DG
650 4 _aMedicina social
_919663
650 4 _aMedicina
_vENSAYOS, CONFERENCIAS, ETC.
_919664
650 4 _aDiarios dominicanos
_vSECCIONES, COLUMNAS, ETC.
_918806
710 _aEscuela Normal de Santiago de los Caballeros
_957865
910 _aValidado. Control de calidad EMS
942 _2ddc
_cLBS1
999 _c27973
_d27973